<?xml version="1.0" encoding="UTF-8"?>
<collection xmlns="http://www.loc.gov/MARC21/slim">
 <record>
  <leader>01653nab a2200265 i 4500</leader>
  <controlfield tag="001">publ27936</controlfield>
  <controlfield tag="005">20230720134948.0</controlfield>
  <controlfield tag="008">230720s2019    hu      o     0||   Angol d</controlfield>
  <datafield tag="022" ind1=" " ind2=" ">
   <subfield code="a">0030-4018</subfield>
  </datafield>
  <datafield tag="024" ind1="7" ind2=" ">
   <subfield code="a">10.1016/j.optcom.2018.12.020</subfield>
   <subfield code="2">doi</subfield>
  </datafield>
  <datafield tag="024" ind1="7" ind2=" ">
   <subfield code="a">31240920</subfield>
   <subfield code="2">mtmt</subfield>
  </datafield>
  <datafield tag="040" ind1=" " ind2=" ">
   <subfield code="a">SZTE Publicatio Repozitórium</subfield>
   <subfield code="b">hun</subfield>
  </datafield>
  <datafield tag="041" ind1=" " ind2=" ">
   <subfield code="a">Angol</subfield>
  </datafield>
  <datafield tag="100" ind1="1" ind2=" ">
   <subfield code="a">Flender Roland</subfield>
  </datafield>
  <datafield tag="245" ind1="1" ind2="0">
   <subfield code="a">Control of THz field waveform emitted from air plasma by chirping two-color laser pulses</subfield>
   <subfield code="h">[elektronikus dokumentum] /</subfield>
   <subfield code="c"> Flender Roland</subfield>
  </datafield>
  <datafield tag="260" ind1=" " ind2=" ">
   <subfield code="c">2019</subfield>
  </datafield>
  <datafield tag="300" ind1=" " ind2=" ">
   <subfield code="a">222-226</subfield>
  </datafield>
  <datafield tag="490" ind1="0" ind2=" ">
   <subfield code="a">OPTICS COMMUNICATIONS</subfield>
   <subfield code="v">436</subfield>
  </datafield>
  <datafield tag="520" ind1="3" ind2=" ">
   <subfield code="a">Few-cycle terahertz pulses can be effectively generated in air plasma by mixing an ultrashort laser pulse with its second harmonic. The temporal overlap between these two pulses is critical, which can degrade with the mismatch of group velocities. However, the overlap between the fundamental and second harmonic can be controlled by pre-stretching the temporally separated pulses. In this paper, we study the role of chirp and the relative phase between the fundamental and its second harmonic in the formation of the terahertz waveform. We demonstrate experimentally and explain within the context of transient photocurrent model, that the combination of chirping and relative phase shifting can provide a powerful tool to control the waveform of the terahertz pulse.</subfield>
  </datafield>
  <datafield tag="650" ind1=" " ind2="4">
   <subfield code="a">Fizikai tudományok</subfield>
  </datafield>
  <datafield tag="700" ind1="0" ind2="2">
   <subfield code="a">Trényi-Sárosi Krisztina</subfield>
   <subfield code="e">aut</subfield>
  </datafield>
  <datafield tag="700" ind1="0" ind2="2">
   <subfield code="a">Petracs E.</subfield>
   <subfield code="e">aut</subfield>
  </datafield>
  <datafield tag="700" ind1="0" ind2="2">
   <subfield code="a">Börzsönyi Ádám</subfield>
   <subfield code="e">aut</subfield>
  </datafield>
  <datafield tag="700" ind1="0" ind2="2">
   <subfield code="a">Chikán Viktor</subfield>
   <subfield code="e">aut</subfield>
  </datafield>
  <datafield tag="856" ind1="4" ind2="0">
   <subfield code="u">http://publicatio.bibl.u-szeged.hu/27936/1/31240920.pdf</subfield>
   <subfield code="z">Dokumentum-elérés </subfield>
  </datafield>
 </record>
</collection>
